<?xml version="1.0" encoding="UTF-8"?>
<record
    xmlns:xsi="http://www.w3.org/2001/XMLSchema-instance"
    xsi:schemaLocation="http://www.loc.gov/MARC21/slim http://www.loc.gov/standards/marcxml/schema/MARC21slim.xsd"
    xmlns="http://www.loc.gov/MARC21/slim">

  <leader>01578nam a22002657a 4500</leader>
  <controlfield tag="001">6125</controlfield>
  <controlfield tag="003">FISKH</controlfield>
  <controlfield tag="005">20250520162707.0</controlfield>
  <controlfield tag="008">250317b        cb ||||| |||| 00| 0 eng d</controlfield>
  <datafield tag="020" ind1=" " ind2=" ">
    <subfield code="a">9789996333415</subfield>
  </datafield>
  <datafield tag="040" ind1=" " ind2=" ">
    <subfield code="a">FISKH</subfield>
    <subfield code="b">Khmer </subfield>
    <subfield code="c">FISKH</subfield>
    <subfield code="d">FISKH</subfield>
  </datafield>
  <datafield tag="050" ind1=" " ind2=" ">
    <subfield code="a">PZ7 </subfield>
  </datafield>
  <datafield tag="082" ind1=" " ind2=" ">
    <subfield code="a">800</subfield>
  </datafield>
  <datafield tag="100" ind1=" " ind2=" ">
    <subfield code="a">Sokheng, Kong </subfield>
  </datafield>
  <datafield tag="245" ind1=" " ind2=" ">
    <subfield code="a">&#x179C;&#x17C1;&#x1799;&#x17D2;&#x1799;&#x17B6;&#x1780;&#x179A;&#x178E;&#x17CF;&#x1781;&#x17D2;&#x1798;&#x17C2;&#x179A;&#x1793;&#x17B7;&#x1784;&#x1794;&#x17C6;&#x178E;&#x17B7;&#x1793;&#x1795;&#x17D2;&#x179F;&#x17C1;&#x1784;&#x17D7;&#x200B; :</subfield>
    <subfield code="b">&#x179F;&#x1798;&#x17D2;&#x179A;&#x17B6;&#x1794;&#x17CB;&#x1790;&#x17D2;&#x1793;&#x17B6;&#x1780;&#x17CB;&#x1798;&#x1792;&#x17D2;&#x1799;&#x1798;&#x179F;&#x17B7;&#x1780;&#x17D2;&#x179F;&#x17B6;&#x1785;&#x17C6;&#x178E;&#x17C1;&#x17C7;&#x1791;&#x17BC;&#x1791;&#x17C5;  :  &#x179F;&#x17D2;&#x179A;&#x1794;&#x178F;&#x17B6;&#x1798;&#x1780;&#x1798;&#x17D2;&#x1798;&#x179C;&#x17B7;&#x1792;&#x17B8;&#x179F;&#x17B7;&#x1780;&#x17D2;&#x179F;&#x17B6;&#x200B;&#x179A;&#x1794;&#x179F;&#x17CB;&#x1780;&#x17D2;&#x179A;&#x179F;&#x17BD;&#x1784;&#x17A2;&#x1794;&#x17CB;&#x179A;&#x17C6; &#x1799;&#x17BB;&#x179C;&#x1787;&#x1793; &#x1793;&#x17B7;&#x1784;&#x1780;&#x17B8;&#x17A1;&#x17B6;&#x200B; /</subfield>
    <subfield code="c">&#x179A;&#x17C0;&#x1794;&#x179A;&#x17C0;&#x1784;&#x1793;&#x17B7;&#x1784;&#x1785;&#x1784;&#x1780;&#x17D2;&#x179A;&#x1784;&#x178A;&#x17C4;&#x1799; &#x1782;&#x1784;&#x17CB;&#x200B; &#x179F;&#x17BB;&#x1781;&#x17A0;&#x17C1;&#x1784;</subfield>
  </datafield>
  <datafield tag="250" ind1=" " ind2=" ">
    <subfield code="a">&#x1780;&#x17C6;&#x178E;&#x17C2;&#x1794;&#x17D2;&#x179A;&#x17C2;&#x1793;&#x17B7;&#x1784;&#x1794;&#x17C4;&#x17C7;&#x1796;&#x17BB;&#x1798;&#x17D2;&#x1796;&#x179B;&#x17C1;&#x17B8;&#x1780;&#x1791;&#x17B8;&#x200B;&#x17E6;</subfield>
  </datafield>
  <datafield tag="260" ind1=" " ind2=" ">
    <subfield code="a">Phnom Penh : </subfield>
    <subfield code="b">Pai Net Publishing ;</subfield>
    <subfield code="c">2017.</subfield>
  </datafield>
  <datafield tag="300" ind1=" " ind2=" ">
    <subfield code="a">350 pages : </subfield>
    <subfield code="b">color illustrations ;</subfield>
    <subfield code="c">20 cm . </subfield>
  </datafield>
  <datafield tag="520" ind1=" " ind2=" ">
    <subfield code="a">&#x1787;&#x17B6;&#x200B;&#x1787;&#x17C6;&#x1793;&#x17BD;&#x1799;&#x178A;&#x179B;&#x17CB;&#x179F;&#x17B7;&#x179F;&#x17D2;&#x179F;&#x1798;&#x1792;&#x17D2;&#x1799;&#x1798;&#x179F;&#x17B7;&#x1780;&#x17D2;&#x179F;&#x17B6;&#x200B;&#x1784;&#x17B6;&#x1799;&#x179F;&#x17D2;&#x179A;&#x17BD;&#x179B;&#x1780;&#x17D2;&#x1793;&#x17BB;&#x1784;&#x1780;&#x17B6;&#x179A;&#x179F;&#x17B7;&#x1780;&#x17D2;&#x179F;&#x17B6;&#x179C;&#x17C1;&#x1799;&#x17D2;&#x1799;&#x17B6;&#x1780;&#x179A;&#x178E;&#x17CF;&#x1781;&#x17D2;&#x1798;&#x17C2;&#x179A;&#x17A2;&#x17C4;&#x1799;&#x1780;&#x17B6;&#x1793;&#x17CB;&#x178F;&#x17C2;&#x1785;&#x17D2;&#x1794;&#x17B6;&#x179F;&#x17CB;&#x179B;&#x17B6;&#x179F;&#x17CB;&#x1790;&#x17C2;&#x1798;&#x1791;&#x17C0;&#x178F;&#x200B; &#x17D4;</subfield>
  </datafield>
  <datafield tag="520" ind1=" " ind2=" ">
    <subfield code="a">To help secondary school students easily study Khmer grammar more clearly.</subfield>
  </datafield>
  <datafield tag="650" ind1=" " ind2=" ">
    <subfield code="a">&#x179C;&#x17C1;&#x1799;&#x17D2;&#x1799;&#x17B6;&#x1780;&#x179A;&#x178E;&#x17CF;&#x1781;&#x17D2;&#x1798;&#x17C2;&#x179A;&#x1793;&#x17B7;&#x1784;&#x1794;&#x17C6;&#x178E;&#x17B7;&#x1793;&#x1795;&#x17D2;&#x179F;&#x17C1;&#x1784;&#x17D7;</subfield>
  </datafield>
  <datafield tag="650" ind1=" " ind2=" ">
    <subfield code="a">Khmer grammar and other skills</subfield>
  </datafield>
  <datafield tag="942" ind1=" " ind2=" ">
    <subfield code="2">ddc</subfield>
    <subfield code="c">BK</subfield>
    <subfield code="n">0</subfield>
  </datafield>
  <datafield tag="999" ind1=" " ind2=" ">
    <subfield code="c">6125</subfield>
    <subfield code="d">6125</subfield>
  </datafield>
  <datafield tag="952" ind1=" " ind2=" ">
    <subfield code="0">0</subfield>
    <subfield code="1">0</subfield>
    <subfield code="2">ddc</subfield>
    <subfield code="4">0</subfield>
    <subfield code="7">0</subfield>
    <subfield code="8">KH</subfield>
    <subfield code="a">002</subfield>
    <subfield code="b">002</subfield>
    <subfield code="c">SKB</subfield>
    <subfield code="d">2025-03-17</subfield>
    <subfield code="l">0</subfield>
    <subfield code="o">SOK PZ7 200</subfield>
    <subfield code="p">FISSE01519</subfield>
    <subfield code="r">2025-03-17 12:12:23</subfield>
    <subfield code="t">1</subfield>
    <subfield code="w">2025-03-17</subfield>
    <subfield code="y">BK</subfield>
  </datafield>
  <datafield tag="952" ind1=" " ind2=" ">
    <subfield code="0">0</subfield>
    <subfield code="1">0</subfield>
    <subfield code="2">ddc</subfield>
    <subfield code="4">0</subfield>
    <subfield code="7">0</subfield>
    <subfield code="8">KH</subfield>
    <subfield code="a">002</subfield>
    <subfield code="b">002</subfield>
    <subfield code="c">SKB</subfield>
    <subfield code="d">2025-03-17</subfield>
    <subfield code="l">0</subfield>
    <subfield code="o">SOK PZ7 200</subfield>
    <subfield code="p">FISSE01510</subfield>
    <subfield code="r">2025-05-20 16:27:51</subfield>
    <subfield code="t">2</subfield>
    <subfield code="w">2025-03-17</subfield>
    <subfield code="y">BK</subfield>
  </datafield>
</record>
